<?xml version="1.0" encoding="UTF-8"?><?xml-stylesheet type="text/xsl" href="static/style.xsl"?><OAI-PMH xmlns="http://www.openarchives.org/OAI/2.0/" xmlns:xsi="http://www.w3.org/2001/XMLSchema-instance" xsi:schemaLocation="http://www.openarchives.org/OAI/2.0/ http://www.openarchives.org/OAI/2.0/OAI-PMH.xsd"><responseDate>2026-06-03T11:44:23Z</responseDate><request verb="GetRecord" identifier="oai:riuma.uma.es:10630/15349" metadataPrefix="marc">https://riuma.uma.es/rest/oai/request</request><GetRecord><record><header><identifier>oai:riuma.uma.es:10630/15349</identifier><datestamp>2026-02-03T10:26:53Z</datestamp><setSpec>com_10630_1685</setSpec><setSpec>col_10630_38055</setSpec></header><metadata><record xmlns="http://www.loc.gov/MARC21/slim" xmlns:dcterms="http://purl.org/dc/terms/" xmlns:doc="http://www.lyncode.com/xoai" xmlns:xsi="http://www.w3.org/2001/XMLSchema-instance" xsi:schemaLocation="http://www.loc.gov/MARC21/slim http://www.loc.gov/standards/marcxml/schema/MARC21slim.xsd">
   <leader>00925njm 22002777a 4500</leader>
   <datafield ind2=" " ind1=" " tag="042">
      <subfield code="a">dc</subfield>
   </datafield>
   <datafield ind2=" " ind1=" " tag="720">
      <subfield code="a">Pozas García, Nicolás</subfield>
      <subfield code="e">author</subfield>
   </datafield>
   <datafield ind2=" " ind1=" " tag="260">
      <subfield code="c">2018-03-06</subfield>
   </datafield>
   <datafield ind2=" " ind1=" " tag="520">
      <subfield code="a">Se ha desarrollado una aplicación web, que permite, por una parte, a los usuarios que deseen realizar deporte la posibilidad de encontrar una instalación deportiva donde realizarlo, ofreciendo incluso la opción de permitir la reserva online del mismo, añadir los extras que ofrezcan las empresas, y toda la información GPS para poder llegar al destino correctamente.&#xd;
Así mismo, podemos proporcionar a las empresas que ofrecen estos servicios la posibilidad de gestionar fácilmente sus instalaciones, permitiendo una gran flexibilidad en el horario y precio de estas. También permite recibir una retroalimentación de nuestros clientes, la confirmación de entradas mediante códigos QR, mostrar información sobre ellas, entre otras.&#xd;
Por otra parte, se ha desarrollado una API siguiendo el protocolo OAuth2 que permite extender el uso de esta aplicación a dispositivos móviles y aplicaciones de terceros, ofreciendo las mismas posibilidades que a través de nuestra web, a nuestra aplicación móvil y a todas las aplicaciones de terceros que quieran utilizar nuestros servicios.</subfield>
   </datafield>
   <datafield ind1="8" ind2=" " tag="024">
      <subfield code="a">https://hdl.handle.net/10630/15349</subfield>
   </datafield>
   <datafield tag="653" ind2=" " ind1=" ">
      <subfield code="a">Deportes - Gestión - Informática</subfield>
   </datafield>
   <datafield tag="653" ind2=" " ind1=" ">
      <subfield code="a">Informática - Trabajos Fin de Grado</subfield>
   </datafield>
   <datafield tag="653" ind2=" " ind1=" ">
      <subfield code="a">Grado en Ingeniería del Software - Trabajos Fin de Grado</subfield>
   </datafield>
   <datafield ind2="0" ind1="0" tag="245">
      <subfield code="a">FIT &amp; MEET – BACK-END y aplicación web</subfield>
   </datafield>
</record>
</metadata></record></GetRecord></OAI-PMH>